Bảo vệ môi trường để đất nước phát triển bền vững

Bewaard in:
Bibliografische gegevens
Coauteur: Qũy môi trường SIDA
Formaat: Boek
Taal:Undetermined
Gepubliceerd in: Hà Nội Qũy môi trường SIDA 2002
Onderwerpen:
Tags: Voeg label toe
Geen labels, Wees de eerste die dit record labelt!
Thư viện lưu trữ: Trung tâm Học liệu Trường Đại học Cần Thơ
LEADER 00568nam a2200169Ia 4500
001 CTU_127370
008 210402s9999 xx 000 0 und d
082 |a 363.737 
082 |b Qu523 
110 |a Qũy môi trường SIDA 
245 0 |a Bảo vệ môi trường để đất nước phát triển bền vững 
245 0 |c Qũy môi trường SIDA 
260 |a Hà Nội 
260 |b Qũy môi trường SIDA 
260 |c 2002 
650 |a Environment protection 
980 |a Trung tâm Học liệu Trường Đại học Cần Thơ